[Event "1st Sivas Buruciye Open 2019"]
[Site "Sivas"]
[Date "2019.08.20"]
[Round "2"]
[White "Ates, Bilge Kaan"]
[Black "Yuksel, Davut Can"]
[Result "1/2-1/2"]
[WhiteElo "1434"]
[BlackElo "1799"]
[Annotator "NA RC"]
[PlyCount "102"]
[EventDate "2019.08.19"]
[EventType "swiss"]
[EventCountry "TUR"]
[SourceTitle "playchess.com"]
[Source "ChessBase"]
[SourceQuality "1"]
[TimeControl "5400+30"]

1. e4 {[%emt 0:00:30]} c5 {[%emt 0:00:30]} 2. Nf3 {[%emt 0:00:00]} d6 {[%emt 0:00:30]} 3. d4 {[%emt 0:00:00]} cxd4 {[%emt 0:00:00]} 4. Nxd4 {[%emt 0:00:30]} Nf6 {[%emt 0:00:00]} 5. Nc3 {[%emt 0:00:00]} a6 {[%emt 0:00:30]} 6. Bg5 {[%emt 0:00:00]} e6 {[%emt 0:00:30]} 7. f4 {[%emt 0:00:30]} Qb6 {[%emt 0:00:30]} 8. Qd2 {[%emt 0:01:30]} Be7 {[%emt 0:05:30]} 9. O-O-O {[%emt 0:03:30]} Nbd7 {[%emt 0:01:30]} 10. Bc4 {[%emt 0:18:30]} O-O {[%emt 0:04:30]} 11. Rhe1 {[%emt 0:08:30]} h6 {[%emt 0:04:30]} 12. e5 {[%emt 0:06:30]} dxe5 {[%emt 0:03:30]} 13. fxe5 hxg5 14. exf6 {[%emt 0:09:00]} Nxf6 {[%emt 0:05:00]} 15. Qxg5 {[%emt 0:06:30]} Qc5 {[%emt 0:06:30]} 16. Qxc5 {[%emt 0:08:30]} Bxc5 {[%emt 0:00:30]} 17. Nb3 {[%emt 0:01:30]} Bb4 {[%emt 0:02:30]} 18. Be2 {[%emt 0:04:30]} Bxc3 {[%emt 0:07:30]} 19. bxc3 {[%emt 0:00:00]} Nd5 {[%emt 0:00:30]} 20. Bf3 {[%emt 0:07:00]} Nxc3 {[%emt 0:02:30]} 21. Rd4 {[%emt 0:00:00]} Nb5 {[%emt 0:05:30]} 22. Rd3 {[%emt 0:00:00]} Rb8 {[%emt 0:06:30]} 23. Red1 {[%emt 0:04:30]} e5 {[%emt 0:06:30]} 24. a4 {[%emt 0:00:55]} Nc7 {[%emt 0:01:30]} 25. Nc5 {[%emt 0:01:42]} b6 {[%emt 0:02:30]} 26. Nd7 {[%emt 0:08:06]} Bxd7 {[%emt 0:00:30]} 27. Rxd7 {[%emt 0:00:06]} Ne6 {[%emt 0:00:00]} 28. Ra7 {[%emt 0:03:18]} Nc5 {[%emt 0:01:00]} 29. Rd6 {[%emt 0:02:03]} Rfd8 {[%emt 0:04:30]} 30. Rc6 {[%emt 0:00:16]} Rdc8 {[%emt 0:02:30]} 31. Rd6 {[%emt 0:04:27]} b5 {[%emt 0:00:30]} 32. Bd5 {[%emt 0:01:03]} bxa4 {[%emt 0:04:30]} 33. Rxf7 {[%emt 0:01:00]} Kh7 {[%emt 0:01:30]} 34. Rf3 {[%emt 0:00:53]} g6 {[%emt 0:04:37]} 35. Rf7+ {[%emt 0:00:07]} Kh6 {[%emt 0:00:29]} 36. Rff6 {[%emt 0:00:14]} Nd3+ {[%emt 0:00:15]} 37. Kd2 {[%emt 0:00:32]} Nf4 {[%emt 0:00:22]} 38. Be4 {[%emt 0:01:23]} Rd8 {[%emt 0:01:29]} 39. g3 {[%emt 0:00:44]} Rxd6+ {[%emt 0:02:34]} 40. Rxd6 {[%emt 0:00:06]} Rb4 {[%emt 0:01:36]} 41. gxf4 {[%emt 0:01:04]} Rxe4 {[%emt 0:00:09]} 42. fxe5 {[%emt 0:00:15]} Rxe5 {[%emt 0:01:06]} 43. Rxa6 {[%emt 0:00:01]} Re4 {[%emt 0:01:42]} 44. Kd3 {[%emt 0:00:10]} Rh4 {[%emt 0:01:27]} 45. c4 {[%emt 0:00:14]} a3 {[%emt 0:01:00]} 46. c5 {[%emt 0:00:49]} Rxh2 {[%emt 0:07:19]} 47. c6 {[%emt 0:00:08]} Rh1 {[%emt 0:01:23]} 48. Kc2 {[%emt 0:01:05]} Rh2+ {[%emt 0:00:34]} 49. Kb3 {[%emt 0:00:49]} Rh1 {[%emt 0:00:41]} 50. Kc4 {[%emt 0:01:06]} Rc1+ {[%emt 0:00:40]} 51. Kd5 {[%emt 0:00:34]} Rd1+ {[%emt 0:01:42]} 1/2-1/2

[Event "1st Sivas Buruciye Open 2019"]
[Site "Sivas"]
[Date "2019.08.20"]
[Round "2"]
[White "Capraz, Arda"]
[Black "Yucekaya, Ahmetcan"]
[Result "1-0"]
[WhiteElo "1384"]
[BlackElo "1098"]
[Annotator "NA RC"]
[PlyCount "149"]
[EventDate "2019.08.19"]
[EventType "swiss"]
[EventCountry "TUR"]
[SourceTitle "playchess.com"]
[Source "ChessBase"]
[SourceQuality "1"]
[TimeControl "5400+30"]

1. e4 {[%emt 0:00:30]} e5 {[%emt 0:00:30]} 2. Nf3 {[%emt 0:00:00]} Nf6 {[%emt 0:00:00]} 3. Nxe5 {[%emt 0:01:00]} d6 {[%emt 0:00:00]} 4. Nf3 {[%emt 0:00:30]} Nxe4 {[%emt 0:00:00]} 5. d3 {[%emt 0:02:30]} Nf6 {[%emt 0:00:00]} 6. d4 {[%emt 0:08:30]} d5 {[%emt 0:01:30]} 7. Bd3 {[%emt 0:03:30]} Be6 {[%emt 0:01:30]} 8. O-O {[%emt 0:06:30]} Be7 {[%emt 0:08:30]} 9. Ne5 {[%emt 0:03:30]} Nc6 {[%emt 0:03:30]} 10. Bb5 {[%emt 0:04:30]} Bd7 {[%emt 0:00:30]} 11. Nxd7 {[%emt 0:02:30]} Qxd7 {[%emt 0:00:30]} 12. Re1 {[%emt 0:12:30]} O-O {[%emt 0:00:30]} 13. c3 {[%emt 0:00:30]} Rfe8 {[%emt 0:00:30]} 14. h3 {[%emt 0:10:30]} a6 {[%emt 0:00:30]} 15. Bd3 {[%emt 0:00:30]} Bd6 {[%emt 0:00:30]} 16. Be3 {[%emt 0:00:30]} Ne4 {[%emt 0:05:30]} 17. Nd2 {[%emt 0:01:30]} f5 {[%emt 0:02:30]} 18. Nxe4 {[%emt 0:09:30]} dxe4 {[%emt 0:03:30]} 19. Bc4+ {[%emt 0:01:30]} Kh8 {[%emt 0:00:00]} 20. Qd2 {[%emt 0:00:00]} Rf8 {[%emt 0:05:00]} 21. Bf4 {[%emt 0:00:00]} Bxf4 {[%emt 0:00:30]} 22. Qxf4 {[%emt 0:00:30]} b5 {[%emt 0:01:30]} 23. Bf1 {[%emt 0:07:30]} Ne7 {[%emt 0:01:30]} 24. Rad1 {[%emt 0:03:47]} Ng6 {[%emt 0:02:30]} 25. Qd2 {[%emt 0:00:58]} Rf6 {[%emt 0:00:30]} 26. c4 {[%emt 0:01:59]} c6 {[%emt 0:05:30]} 27. Rc1 {[%emt 0:04:03]} Rd8 {[%emt 0:00:30]} 28. Red1 {[%emt 0:00:43]} h6 {[%emt 0:03:30]} 29. cxb5 {[%emt 0:02:25]} cxb5 {[%emt 0:00:30]} 30. Rc5 {[%emt 0:02:06]} Rc6 {[%emt 0:02:30]} 31. Rxc6 {[%emt 0:01:00]} Qxc6 {[%emt 0:02:30]} 32. Qa5 {[%emt 0:00:24]} Rd6 {[%emt 0:03:30]} 33. Qc3 {[%emt 0:04:09]} Qd5 {[%emt 0:00:30]} 34. a4 {[%emt 0:02:01]} bxa4 {[%emt 0:11:30]} 35. Qc8+ {[%emt 0:00:28]} Kh7 {[%emt 0:00:30]} 36. Bc4 {[%emt 0:00:05]} Rc6 {[%emt 0:01:30]} 37. Bxd5 {[%emt 0:00:37]} Rxc8 {[%emt 0:00:30]} 38. Be6 {[%emt 0:00:00]} Rc2 {[%emt 0:00:30]} 39. Bxf5 {[%emt 0:00:10]} Rxb2 {[%emt 0:00:30]} 40. Bxe4 {[%emt 0:00:00]} a3 {[%emt 0:02:30]} 41. Ra1 {[%emt 0:00:00]} a2 {[%emt 0:12:30]} 42. g3 {[%emt 0:02:37]} h5 {[%emt 0:00:30]} 43. Kg2 {[%emt 0:00:17]} Kh6 {[%emt 0:00:00]} 44. Bd5 {[%emt 0:00:15]} Rd2 {[%emt 0:01:00]} 45. Rxa2 {[%emt 0:00:38]} Rxa2 {[%emt 0:03:07]} 46. Bxa2 {[%emt 0:00:08]} Kg5 {[%emt 0:00:20]} 47. h4+ {[%emt 0:01:59]} Kf6 {[%emt 0:00:12]} 48. Kf3 {[%emt 0:00:30]} Ne7 {[%emt 0:04:56]} 49. Ke4 {[%emt 0:02:03]} Nc8 {[%emt 0:01:27]} 50. Kd5 {[%emt 0:00:55]} Ke7 {[%emt 0:00:35]} 51. Kc6 {[%emt 0:00:44]} a5 {[%emt 0:00:30]} 52. Kb5 {[%emt 0:00:30]} Kf6 {[%emt 0:00:30]} 53. Kxa5 {[%emt 0:00:30]} Kf5 {[%emt 0:01:29]} 54. f3 {[%emt 0:00:19]} g5 {[%emt 0:00:57]} 55. Bb1+ {[%emt 0:00:12]} Kf6 {[%emt 0:00:14]} 56. Kb4 {[%emt 0:00:30]} gxh4 {[%emt 0:02:00]} 57. gxh4 {[%emt 0:00:02]} Ne7 {[%emt 0:00:00]} 58. Kc5 {[%emt 0:00:12]} Ke6 {[%emt 0:00:19]} 59. d5+ {[%emt 0:01:49]} Nxd5 {[%emt 0:00:24]} 60. Ba2 {[%emt 0:00:02]} Kf5 {[%emt 0:00:30]} 61. Bxd5 {[%emt 0:00:07]} Kf4 {[%emt 0:00:00]} 62. Kd4 {[%emt 0:00:38]} Kg3 {[%emt 0:00:22]} 63. Ke5 {[%emt 0:00:12]} Kxh4 {[%emt 0:00:06]} 64. f4 {[%emt 0:00:00]} Kg4 {[%emt 0:00:14]} 65. f5 {[%emt 0:00:04]} Kg5 {[%emt 0:00:00]} 66. Ke6 {[%emt 0:00:00]} h4 {[%emt 0:00:57]} 67. f6 {[%emt 0:00:00]} h3 {[%emt 0:00:10]} 68. f7 {[%emt 0:00:24]} h2 {[%emt 0:00:00]} 69. f8=Q {[%emt 0:00:24]} h1=Q {[%emt 0:00:00]} 70. Bxh1 {[%emt 0:00:07]} Kg4 {[%emt 0:00:00]} 71. Bb7 {[%emt 0:00:17]} Kg3 {[%emt 0:00:31]} 72. Qf3+ {[%emt 0:00:15]} Kh4 {[%emt 0:00:02]} 73. Qg2 {[%emt 0:00:06]} Kh5 {[%emt 0:00:12]} 74. Kf5 {[%emt 0:00:14]} Kh6 {[%emt 0:00:04]} 75. Qg6# {[%emt 0:00:32]} 1-0

[Event "1st Sivas Buruciye Open 2019"]
[Site "Sivas"]
[Date "2019.08.20"]
[Round "3"]
[White "Sandalakis, Angelos"]
[Black "Tofan, Ibrahim"]
[Result "1/2-1/2"]
[WhiteElo "2439"]
[BlackElo "2055"]
[Annotator "NA"]
[PlyCount "102"]
[EventDate "2019.08.19"]
[EventType "swiss"]
[EventCountry "TUR"]
[SourceTitle "playchess.com"]
[Source "ChessBase"]
[SourceQuality "1"]
[TimeControl "5400+30"]

1. d4 Nf6 2. c4 e6 3. g3 d5 4. Bg2 dxc4 5. Nf3 c5 6. O-O Nc6 7. dxc5 Qxd1 8. Rxd1 Bxc5 9. Nbd2 {[%emt 0:02:30]} O-O 10. Nxc4 Ng4 {[%emt 0:12:00]} 11. e3 e5 12. Rd5 Be7 13. Nfxe5 Ngxe5 14. Nxe5 Nxe5 15. Rxe5 Rd8 16. Bd2 Bf6 17. Rd5 Be6 18. Rxd8+ Rxd8 19. Bc3 Bxc3 20. bxc3 b6 21. a4 Rd2 22. Be4 f5 23. Bb7 Rc2 24. Ra3 g5 25. a5 g4 26. Kg2 b5 27. e4 fxe4 28. Bxe4 Rc1 29. f4 Re1 30. Bd3 a6 31. Kf2 Rh1 32. Ke3 Rxh2 33. Be4 h5 34. f5 Bc4 {[%emt 1:31:03]} 35. Ra1 {[%emt 1:27:44]} Kg7 {[%emt 0:01:31]} 36. Bb7 {[%emt 0:01:40]} Kf6 {[%emt 0:00:20]} 37. Kd4 {[%emt 0:00:11]} h4 {[%emt 0:02:27]} 38. gxh4 Rxh4 39. Bxa6 {[%emt 0:01:31]} g3+ {[%emt 0:00:57]} 40. Ke3 g2 {[%emt 0:01:09]} 41. Rg1 Rh3+ {[%emt 0:00:19]} 42. Kd4 Bf1 43. Bb7 Rd3+ 44. Kc5 Rxc3+ 45. Kb6 b4 46. Bxg2 Bd3 47. a6 Bxa6 48. Kxa6 Rg3 49. Kb5 b3 50. Kc4 b2 51. Rb1 Rxg2 1/2-1/2

[Event "1st Sivas Buruciye Open 2019"]
[Site "Sivas"]
[Date "2019.08.20"]
[Round "3"]
[White "Saraci, Nderim"]
[Black "Bayramov, Elvin"]
[Result "1/2-1/2"]
[WhiteElo "2398"]
[BlackElo "2198"]
[Annotator "NA"]
[PlyCount "157"]
[EventDate "2019.08.19"]
[EventType "swiss"]
[EventCountry "TUR"]
[SourceTitle "playchess.com"]
[Source "ChessBase"]
[SourceQuality "1"]
[TimeControl "5400+30"]

1. Nf3 {[%emt 0:00:30]} Nf6 {[%emt 0:01:30]} 2. g3 {[%emt 0:00:30]} g6 {[%emt 0:00:30]} 3. Bg2 {[%emt 0:00:30]} Bg7 {[%emt 0:00:30]} 4. O-O {[%emt 0:00:30]} O-O {[%emt 0:00:00]} 5. d4 {[%emt 0:00:00]} d5 {[%emt 0:01:00]} 6. c4 {[%emt 0:01:00]} dxc4 {[%emt 0:02:30]} 7. Na3 {[%emt 0:06:30]} Be6 {[%emt 0:02:30]} 8. Ng5 {[%emt 0:01:30]} Bd5 {[%emt 0:00:30]} 9. e4 {[%emt 0:02:30]} h6 {[%emt 0:01:30]} 10. exd5 {[%emt 0:01:30]} hxg5 {[%emt 0:00:30]} 11. d6 {[%emt 0:06:30]} Nc6 {[%emt 0:01:30]} 12. dxe7 {[%emt 0:10:30]} Qxe7 {[%emt 0:04:30]} 13. Nxc4 {[%emt 0:04:30]} Rad8 {[%emt 0:05:30]} 14. Bxc6 {[%emt 0:03:30]} bxc6 {[%emt 0:00:00]} 15. Bxg5 {[%emt 0:00:30]} Qe6 {[%emt 0:00:00]} 16. Rc1 {[%emt 0:18:30]} Rd5 {[%emt 0:01:30]} 17. Re1 {[%emt 0:08:30]} Ne4 {[%emt 0:15:30]} 18. Qc2 {[%emt 0:02:30]} Rxd4 {[%emt 0:02:30]} 19. Be3 {[%emt 0:02:30]} Qd5 {[%emt 0:08:30]} 20. h4 {[%emt 0:01:30]} Rd3 {[%emt 0:04:30]} 21. Rcd1 {[%emt 0:07:24]} Rxd1 {[%emt 0:00:30]} 22. Rxd1 {[%emt 0:00:00]} Qf5 {[%emt 0:00:00]} 23. Qe2 {[%emt 0:02:10]} Re8 {[%emt 0:01:00]} 24. Kg2 {[%emt 0:01:04]} Qb5 {[%emt 0:06:30]} 25. Qc2 {[%emt 0:00:28]} c5 {[%emt 0:01:30]} 26. Qd3 {[%emt 0:03:25]} Qa6 {[%emt 0:03:30]} 27. a3 {[%emt 0:01:51]} Bf6 {[%emt 0:01:30]} 28. Qb3 {[%emt 0:00:52]} Qc6 {[%emt 0:00:30]} 29. Na5 {[%emt 0:00:55]} Qa8 {[%emt 0:01:30]} 30. Qb7 {[%emt 0:04:06]} Bxb2 {[%emt 0:00:30]} 31. Qxa8 {[%emt 0:00:36]} Rxa8 {[%emt 0:00:30]} 32. Nc4 {[%emt 0:01:38]} Bg7 {[%emt 0:04:30]} 33. Rd5 {[%emt 0:01:01]} Bf8 {[%emt 0:01:30]} 34. Rd7 {[%emt 0:01:12]} Nd6 {[%emt 0:02:30]} 35. Ne5 {[%emt 0:01:30]} Re8 {[%emt 0:00:30]} 36. Nc6 {[%emt 0:00:00]} Nc4 {[%emt 0:00:30]} 37. Bf4 {[%emt 0:01:07]} a6 {[%emt 0:01:30]} 38. Rxc7 {[%emt 0:02:03]} Nxa3 {[%emt 0:00:00]} 39. Na5 {[%emt 0:00:38]} Ra8 {[%emt 0:02:00]} 40. Be5 {[%emt 0:01:53]} Nb5 {[%emt 0:00:30]} 41. Rd7 {[%emt 0:00:32]} Re8 {[%emt 0:00:30]} 42. f4 {[%emt 0:00:46]} Bg7 {[%emt 0:00:00]} 43. Bxg7 {[%emt 0:00:34]} Kxg7 {[%emt 0:00:00]} 44. Nc4 {[%emt 0:00:00]} Rc8 {[%emt 0:01:30]} 45. Kf2 {[%emt 0:00:13]} Rc7 {[%emt 0:00:30]} 46. Rd8 {[%emt 0:00:02]} Re7 {[%emt 0:00:30]} 47. Rc8 {[%emt 0:00:35]} Nd4 {[%emt 0:00:30]} 48. Ne5 {[%emt 0:00:23]} f6 {[%emt 0:00:30]} 49. Nd3 {[%emt 0:00:37]} Re2+ {[%emt 0:00:30]} 50. Kf1 {[%emt 0:00:00]} Rd2 {[%emt 0:00:30]} 51. Nxc5 {[%emt 0:00:00]} Nf5 {[%emt 0:00:30]} 52. Rc7+ {[%emt 0:00:28]} Kf8 {[%emt 0:02:30]} 53. Ke1 {[%emt 0:01:29]} Ra2 {[%emt 0:00:30]} 54. Rc6 {[%emt 0:01:30]} a5 {[%emt 0:01:30]} 55. Rxf6+ {[%emt 0:00:43]} Kg7 {[%emt 0:00:30]} 56. Ra6 {[%emt 0:00:00]} Nxg3 {[%emt 0:00:00]} 57. Ne6+ {[%emt 0:00:16]} Kg8 {[%emt 0:01:00]} 58. Nd4 {[%emt 0:00:38]} Kh7 {[%emt 0:00:30]} 59. Nc6 {[%emt 0:01:27]} a4 {[%emt 0:00:30]} 60. Nb4 {[%emt 0:00:27]} Ra1+ {[%emt 0:00:30]} 61. Kd2 {[%emt 0:00:18]} Kh6 {[%emt 0:01:30]} 62. Ra5 {[%emt 0:00:19]} Nf5 {[%emt 0:00:30]} 63. Nc2 {[%emt 0:00:05]} Rh1 {[%emt 0:01:16]} 64. Rxa4 {[%emt 0:00:30]} Rh2+ {[%emt 0:01:36]} 65. Kd3 {[%emt 0:00:00]} Rxh4 {[%emt 0:00:10]} 66. Ne1 {[%emt 0:00:51]} Rh3+ {[%emt 0:00:22]} 67. Ke2 {[%emt 0:00:06]} Rh2+ {[%emt 0:02:11]} 68. Kf3 {[%emt 0:00:13]} Rd2 {[%emt 0:00:36]} 69. Re4 {[%emt 0:00:50]} Kh5 {[%emt 0:00:29]} 70. Re8 {[%emt 0:00:19]} Nd4+ {[%emt 0:01:02]} 71. Kg3 {[%emt 0:00:09]} Kh6 {[%emt 0:00:12]} 72. Rh8+ {[%emt 0:01:24]} Kg7 {[%emt 0:00:04]} 73. Ra8 {[%emt 0:00:03]} Rd1 {[%emt 0:00:41]} 74. Kf2 {[%emt 0:00:46]} Ne6 {[%emt 0:00:06]} 75. Ra4 {[%emt 0:00:00]} Nc5 {[%emt 0:00:22]} 76. Rc4 {[%emt 0:00:07]} Ne6 {[%emt 0:01:31]} 77. Nf3 {[%emt 0:00:05]} Kf6 {[%emt 0:00:00]} 78. Rc6 {[%emt 0:00:32]} Ke7 {[%emt 0:01:15]} 79. Ne5 {[%emt 0:00:06]} 1/2-1/2

[Event "1st Sivas Buruciye Open 2019"]
[Site "Sivas"]
[Date "2019.08.20"]
[Round "3"]
[White "Sevdimaliyev, Urfan"]
[Black "Rahimli, Ilkin"]
[Result "1/2-1/2"]
[WhiteElo "2348"]
[BlackElo "1992"]
[Annotator "NA"]
[PlyCount "53"]
[EventDate "2019.08.19"]
[EventType "swiss"]
[EventCountry "TUR"]
[SourceTitle "playchess.com"]
[Source "ChessBase"]
[SourceQuality "1"]
[TimeControl "5400+30"]

1. e4 {[%emt 0:03:30]} c5 {[%emt 0:00:30]} 2. Nf3 {[%emt 0:00:30]} d6 {[%emt 0:00:00]} 3. d4 {[%emt 0:00:30]} cxd4 {[%emt 0:00:00]} 4. Nxd4 {[%emt 0:00:30]} Nf6 {[%emt 0:00:30]} 5. Nc3 {[%emt 0:00:00]} a6 {[%emt 0:00:00]} 6. Be3 {[%emt 0:01:00]} e5 {[%emt 0:00:00]} 7. Nb3 {[%emt 0:00:00]} Be7 {[%emt 0:00:30]} 8. f4 {[%emt 0:03:00]} Ng4 {[%emt 0:03:30]} 9. Qe2 {[%emt 0:10:30]} Nxe3 {[%emt 0:06:30]} 10. Qxe3 {[%emt 0:00:30]} exf4 {[%emt 0:01:30]} 11. Qxf4 {[%emt 0:00:00]} Be6 {[%emt 0:01:30]} 12. h4 {[%emt 0:03:00]} Bf6 {[%emt 0:05:30]} 13. O-O-O {[%emt 0:04:30]} Be5 {[%emt 0:01:30]} 14. Qf3 {[%emt 0:02:30]} Nd7 {[%emt 0:08:30]} 15. Nd4 {[%emt 0:09:30]} Qf6 {[%emt 0:09:30]} 16. Nf5 {[%emt 0:12:30]} Bxf5 {[%emt 0:04:30]} 17. exf5 {[%emt 0:00:30]} Bxc3 {[%emt 0:03:30]} 18. Qxc3 {[%emt 0:00:30]} Qxc3 {[%emt 0:09:30]} 19. bxc3 {[%emt 0:00:30]} Ke7 {[%emt 0:00:00]} 20. Rh3 {[%emt 0:06:30]} Ne5 {[%emt 0:01:00]} 21. c4 {[%emt 0:09:30]} Rac8 {[%emt 0:01:30]} 22. Rb3 {[%emt 0:00:30]} Rc7 {[%emt 0:00:30]} 23. Rb6 {[%emt 0:01:30]} Rd8 {[%emt 0:01:30]} 24. Rd4 {[%emt 0:02:30]} Rdd7 {[%emt 0:00:30]} 25. g4 {[%emt 0:01:30]} Rc5 {[%emt 0:01:30]} 26. g5 {[%emt 0:05:30]} f6 {[%emt 0:03:30]} 27. gxf6+ {[%emt 0:03:39]} 1/2-1/2

[Event "1st Sivas Buruciye Open 2019"]
[Site "Sivas"]
[Date "2019.08.20"]
[Round "3"]
[White "Arman, Deniz"]
[Black "Annaberdiev, Meilis"]
[Result "1/2-1/2"]
[WhiteElo "2347"]
[BlackElo "2518"]
[Annotator "ChessBase"]
[PlyCount "200"]
[EventDate "2019.08.19"]
[EventType "swiss"]
[EventCountry "TUR"]
[SourceTitle "playchess.com"]
[Source "ChessBase"]
[SourceQuality "1"]
[TimeControl "5400+30"]

1. e4 {[%emt 0:00:30]} c5 {[%emt 0:02:30]} 2. Nf3 {[%emt 0:00:30]} e6 {[%emt 0:00:30]} 3. c3 {[%emt 0:00:30]} Nf6 {[%emt 0:00:30]} 4. e5 {[%emt 0:05:30]} Nd5 {[%emt 0:00:30]} 5. d4 {[%emt 0:00:30]} cxd4 {[%emt 0:00:30]} 6. cxd4 {[%emt 0:00:30]} d6 {[%emt 0:00:00]} 7. Bc4 {[%emt 0:00:00]} Be7 {[%emt 0:00:00]} 8. Bxd5 {[%emt 0:02:00]} exd5 {[%emt 0:00:00]} 9. Nc3 {[%emt 0:00:30]} Be6 {[%emt 0:02:00]} 10. Bf4 {[%emt 0:03:30]} Nc6 {[%emt 0:00:30]} 11. O-O {[%emt 0:03:30]} O-O {[%emt 0:11:30]} 12. h3 {[%emt 0:03:30]} dxe5 {[%emt 0:01:30]} 13. Nxe5 {[%emt 0:00:30]} Nxe5 {[%emt 0:00:30]} 14. Bxe5 {[%emt 0:00:30]} Qd7 {[%emt 0:02:30]} 15. Qa4 {[%emt 0:09:30]} Qxa4 {[%emt 0:04:30]} 16. Nxa4 {[%emt 0:00:30]} Rfc8 {[%emt 0:00:30]} 17. Rac1 {[%emt 0:01:30]} b6 {[%emt 0:28:30]} 18. Bf4 {[%emt 0:01:30]} Rc4 {[%emt 0:05:30]} 19. Rxc4 {[%emt 0:01:30]} dxc4 {[%emt 0:01:30]} 20. Nc3 {[%emt 0:02:30]} Rd8 {[%emt 0:00:30]} 21. Rd1 {[%emt 0:00:30]} Bf5 {[%emt 0:03:30]} 22. Nb5 {[%emt 0:05:30]} a6 {[%emt 0:02:30]} 23. Nc7 {[%emt 0:00:30]} Bf6 {[%emt 0:01:30]} 24. Nxa6 {[%emt 0:02:30]} Rxd4 {[%emt 0:00:00]} 25. Rxd4 {[%emt 0:00:30]} Bxd4 {[%emt 0:00:00]} 26. Bc1 {[%emt 0:00:00]} Be4 {[%emt 0:04:30]} 27. Nb4 {[%emt 0:02:00]} b5 {[%emt 0:01:30]} 28. Kf1 {[%emt 0:00:30]} f5 {[%emt 0:01:30]} 29. f3 {[%emt 0:00:30]} Bb7 {[%emt 0:00:30]} 30. a3 {[%emt 0:01:30]} Kf7 {[%emt 0:00:30]} 31. Na2 {[%emt 0:00:30]} Ke6 {[%emt 0:00:30]} 32. Nc3 {[%emt 0:00:30]} Bc6 {[%emt 0:00:30]} 33. Ke2 {[%emt 0:00:30]} Bf6 {[%emt 0:00:30]} 34. Be3 {[%emt 0:00:00]} h5 {[%emt 0:00:30]} 35. Kf2 {[%emt 0:06:00]} h4 {[%emt 0:02:30]} 36. f4 {[%emt 0:10:30]} Be7 {[%emt 0:00:30]} 37. g3 {[%emt 0:01:30]} hxg3+ {[%emt 0:00:30]} 38. Kxg3 {[%emt 0:00:30]} b4 {[%emt 0:00:30]} 39. axb4 {[%emt 0:00:30]} Bxb4 {[%emt 0:00:00]} 40. Bd4 {[%emt 0:00:00]} g6 {[%emt 0:00:00]} 41. Bb6 {[%emt 0:06:00]} Bd6 {[%emt 0:00:30]} 42. Bd8 {[%emt 0:00:30]} Bc5 {[%emt 0:01:30]} 43. Ba5 {[%emt 0:01:30]} Be7 {[%emt 0:03:30]} 44. Bb6 {[%emt 0:00:30]} Bf6 {[%emt 0:01:29]} 45. Be3 {[%emt 0:00:30]} Be4 {[%emt 0:00:03]} 46. Bc5 {[%emt 0:00:30]} Bc2 {[%emt 0:00:56]} 47. Be3 {[%emt 0:00:30]} Kd6 {[%emt 0:00:09]} 48. Bb6 {[%emt 0:01:30]} Be4 {[%emt 0:00:21]} 49. Be3 {[%emt 0:00:30]} Bc6 {[%emt 0:00:08]} 50. Bb6 {[%emt 0:00:30]} Be8 {[%emt 0:00:24]} 51. Be3 {[%emt 0:00:30]} Kc6 {[%emt 0:00:30]} 52. Kf3 {[%emt 0:01:30]} Bf7 {[%emt 0:00:00]} 53. Ke2 {[%emt 0:01:30]} Be8 {[%emt 0:02:03]} 54. Kf3 {[%emt 0:00:30]} Kb7 {[%emt 0:00:00]} 55. Bc5 {[%emt 0:04:30]} Bc6+ {[%emt 0:00:24]} 56. Kg3 {[%emt 0:00:30]} Kc8 {[%emt 0:01:01]} 57. Bb6 {[%emt 0:00:30]} Kd7 {[%emt 0:00:00]} 58. Bc5 {[%emt 0:00:00]} Ke8 {[%emt 0:00:02]} 59. Bb6 {[%emt 0:00:00]} Kf7 {[%emt 0:00:30]} 60. Bc5 {[%emt 0:02:30]} Kg7 {[%emt 0:00:00]} 61. Bd6 {[%emt 0:00:30]} Kh6 {[%emt 0:00:00]} 62. Nd1 {[%emt 0:01:30]} Bd4 {[%emt 0:01:30]} 63. Be7 {[%emt 0:01:52]} Kg7 {[%emt 0:01:26]} 64. Bb4 {[%emt 0:00:23]} Kf7 {[%emt 0:00:16]} 65. Bc3 {[%emt 0:00:47]} Bc5 {[%emt 0:00:01]} 66. Bh8 {[%emt 0:02:00]} Ke6 {[%emt 0:00:30]} 67. Nc3 {[%emt 0:00:00]} Be3 {[%emt 0:00:17]} 68. Bg7 {[%emt 0:00:51]} Bb6 {[%emt 0:02:31]} 69. Be5 {[%emt 0:01:34]} Bc5 {[%emt 0:00:18]} 70. Bg7 {[%emt 0:00:06]} Bd6 {[%emt 0:00:01]} 71. Bd4 {[%emt 0:00:00]} g5 {[%emt 0:00:54]} 72. Be3 {[%emt 0:00:25]} Kf6 {[%emt 0:00:20]} 73. Ne2 {[%emt 0:02:00]} Bd5 {[%emt 0:00:35]} 74. Kf2 {[%emt 0:04:00]} g4 {[%emt 0:02:57]} 75. hxg4 {[%emt 0:00:30]} fxg4 {[%emt 0:00:00]} 76. Ng3 {[%emt 0:01:17]} Kg6 {[%emt 0:00:00]} 77. Bd2 {[%emt 0:00:48]} Bc5+ {[%emt 0:01:11]} 78. Be3 {[%emt 0:00:37]} Be7 {[%emt 0:00:02]} 79. Bd4 {[%emt 0:00:00]} Be6 {[%emt 0:01:24]} 80. Bc3 {[%emt 0:02:14]} Bc5+ {[%emt 0:00:55]} 81. Ke2 {[%emt 0:01:23]} Bf5 {[%emt 0:00:19]} 82. Be1 {[%emt 0:04:00]} Bd3+ {[%emt 0:02:45]} 83. Kd2 {[%emt 0:00:07]} Bb4+ {[%emt 0:00:15]} 84. Kd1 {[%emt 0:00:30]} Bd6 {[%emt 0:00:01]} 85. Bd2 {[%emt 0:00:19]} Kf6 {[%emt 0:00:05]} 86. Be3 {[%emt 0:00:48]} Ke6 {[%emt 0:00:02]} 87. Ke1 Kd5 {[%emt 0:00:35]} 88. Kf2 {[%emt 0:00:53]} Be7 {[%emt 0:04:18]} 89. Bd2 {[%emt 0:00:30]} Bh4 {[%emt 0:00:30]} 90. Bc3 {[%emt 0:00:00]} Be4 {[%emt 0:00:08]} 91. Be5 {[%emt 0:00:57]} Bf3 {[%emt 0:00:04]} 92. Bc3 {[%emt 0:00:00]} Ke6 {[%emt 0:01:10]} 93. Bd4 {[%emt 0:00:06]} Bd5 {[%emt 0:00:10]} 94. Bc3 {[%emt 0:00:13]} Bf3 {[%emt 0:02:25]} 95. Bd4 {[%emt 0:00:10]} Kd5 {[%emt 0:00:16]} 96. Bc3 {[%emt 0:00:30]} Be7 {[%emt 0:00:01]} 97. Nf5 {[%emt 0:03:31]} Bc5+ {[%emt 0:00:19]} 98. Kg3 {[%emt 0:01:35]} Ke4 {[%emt 0:00:08]} 99. Nh6 {[%emt 0:00:00]} Bd6 {[%emt 0:00:08]} 100. Bd2 {[%emt 0:00:32]} Kd3 {[%emt 0:08:47]} 1/2-1/2

[Event "1st Sivas Buruciye Open 2019"]
[Site "Sivas"]
[Date "2019.08.20"]
[Round "3"]
[White "Lortkipanidze, Nodar"]
[Black "Bagaturov, Giorgi"]
[Result "1/2-1/2"]
[WhiteElo "2336"]
[BlackElo "2417"]
[Annotator "NA"]
[PlyCount "36"]
[EventDate "2019.08.19"]
[EventType "swiss"]
[EventCountry "TUR"]
[SourceTitle "playchess.com"]
[Source "ChessBase"]
[SourceQuality "1"]
[TimeControl "5400+30"]

1. e4 {[%emt 0:05:30]} c5 {[%emt 0:00:30]} 2. Nf3 {[%emt 0:00:30]} Nc6 {[%emt 0:01:30]} 3. c3 {[%emt 0:00:30]} Nf6 {[%emt 0:02:30]} 4. e5 {[%emt 0:01:30]} Nd5 {[%emt 0:00:30]} 5. d4 {[%emt 0:00:00]} cxd4 {[%emt 0:00:00]} 6. Bc4 {[%emt 0:00:00]} e6 {[%emt 0:01:00]} 7. Bxd5 {[%emt 0:01:30]} exd5 {[%emt 0:00:30]} 8. O-O {[%emt 0:00:30]} d6 {[%emt 0:02:30]} 9. exd6 {[%emt 0:01:30]} Bxd6 {[%emt 0:02:30]} 10. Re1+ {[%emt 0:00:00]} Be6 {[%emt 0:00:30]} 11. Nxd4 {[%emt 0:00:00]} O-O {[%emt 0:14:30]} 12. Na3 {[%emt 0:02:30]} Nxd4 {[%emt 0:04:30]} 13. Qxd4 {[%emt 0:00:30]} Bxa3 {[%emt 0:03:30]} 14. bxa3 {[%emt 0:00:30]} Re8 {[%emt 0:01:30]} 15. Bf4 {[%emt 0:01:30]} Rc8 {[%emt 0:05:30]} 16. Qxa7 {[%emt 0:04:30]} Rxc3 {[%emt 0:01:30]} 17. Qxb7 {[%emt 0:00:30]} Rxa3 {[%emt 0:00:30]} 18. Be5 {[%emt 0:04:30]} d4 {[%emt 0:00:30]} 1/2-1/2